000 00826nam a2200265Ia 4500
003 OSt
005 20220927111235.0
006 a|||||r|||| 00| 0
007 ta
008 220926b |||||||| |||| 00| 0 eng d
024 _a102086
037 _cReports
040 _aRTL
_cRTL
_beng
041 _2eng
_aeng
082 _a"X9(J381).44Q71.N8, M5"
100 _aHossain Amir
_9381712
245 0 _aReport on the first workshop of innovative rice fa
260 _aDacca
_bBangladesh agriculatural university.
_c1985
300 _a27p.
_ccm.
490 _a"Bangladesh Agricultural University, Graduate Training Institute Publication, 56."
650 _aRice
700 _a Islam Tajul
_9381713
942 _h"X9(J381).44Q71.N8, M5"
_cCC
999 _c698863
_d698863